Why Firms Succeed (Record no. 7109)

MARC details
000 -LEADER
fixed length control field 00379nam a2200157Ia 4500
008 - FIXED-LENGTH DATA ELEMENTS--GENERAL INFORMATION
fixed length control field 230312s9999||||xx |||||||||||||| ||und||
020 ## - INTERNATIONAL STANDARD BOOK NUMBER
International Standard Book Number 0-19-508767-4
082 ## - DEWEY DECIMAL CLASSIFICATION NUMBER
Classification number 658
Item number KAY-W
100 ## - MAIN ENTRY--PERSONAL NAME
Personal name Kay;John
245 #0 - TITLE STATEMENT
Title Why Firms Succeed
260 ## - PUBLICATION, DISTRIBUTION, ETC.
Name of publisher, distributor, etc. Oxford University Press
Place of publication, distribution, etc. USA
Date of publication, distribution, etc. 1995
300 ## - PHYSICAL DESCRIPTION
Extent 315
546 ## - LANGUAGE NOTE
Language note Eng.
650 ## - SUBJECT ADDED ENTRY--TOPICAL TERM
Topical term or geographic name entry element Management
Form subdivision Why Firms Succeed
942 ## - ADDED ENTRY ELEMENTS (KOHA)
Koha item type BOOK
Holdings
Withdrawn status Lost status Source of classification or shelving scheme Damaged status Not for loan Home library Current library Date acquired Total Checkouts Full call number Barcode Date last seen Price effective from Koha item type
    Dewey Decimal Classification     Superior Information Resource Center (SIRC) Superior University- Main Campus Superior Information Resource Center (SIRC) Superior University- Main Campus 03/13/2023   658 KAY-W 7214 03/13/2023 03/13/2023 BOOK

Powered by Koha